[Event "Shenzhen op 1st"]
[Site "Shenzhen"]
[Date "2018.07.26"]
[Round "1"]
[White "Zhu, Yi"]
[Black "Liang, Jingcheng"]
[Result "1-0"]
[WhiteElo "2382"]
[BlackElo "1235"]
[PlyCount "51"]
[EventDate "2018.07.26"]
[EventType "swiss"]
[EventRounds "9"]
[EventCountry "CHN"]
[SourceTitle "CBM 185 Extra"]
[Source "ChessBase"]
[SourceDate "2018.07.29"]
[SourceVersion "1"]
[SourceVersionDate "2018.07.29"]
[SourceQuality "1"]

1. Nf3 Nf6 2. c4 Nc6 3. d4 d5 4. cxd5 Nxd5 5. e4 Nb6 6. Bb5 Bd7 7. Nc3 e6 8. Bxc6 Bxc6 9. Ne5 Bd6 10. Nxc6 bxc6 11. Qg4 0-0 12. e5 f5 13. Qf3 Be7 14. Qxc6 Kf7 15. Be3 f4 16. Bxf4 Qxd4 17. Bg3 Qc4 18. Qxc4 Nxc4 19. b3 Bb4 20. Rc1 Na3 21. 0-0 c5 22. Ne4 Nb5 23. Nxc5 Nc3 24. Rc2 Nxa2 25. Ne4 Nc3 26. Nxc3 1-0